| 000 | 01131nam a22003017a 4500 | ||
|---|---|---|---|
| 003 | BD-DhSAU | ||
| 005 | 20181206162310.0 | ||
| 008 | 150819b2013 bg ||||| |||| 00| 0 eng d | ||
| 040 | _aBD-DhSAU | ||
| 082 |
_222 _a630 _bR8122 |
||
| 100 |
_aRoy, Indrajit _eRegistration No. # 07-02474 |
||
| 245 |
_aInfluence of supplementary nitrogen, irrigation and hormones on flower droppings, growth and yield of chickpea/ _bMS thesis |
||
| 260 |
_aSher-e- Bangla Agricultural University : _bDepartment of Agronomy, _c2013 |
||
| 300 |
_avii, 80 p. : _bill. ; _c30 cm. |
||
| 500 | _aMS thesis of Department of Agronomy, Faculty of Agriculture, Sher-e-Bangla Agricultural University, Dhaka, Bangladesh | ||
| 590 | _aMd. Sirajul Islam | ||
| 650 | _aAgronomy | ||
| 650 | _aNitrogen | ||
| 650 | _aIrrigation | ||
| 650 | _aHormones | ||
| 650 | _aFlower droppings | ||
| 650 | _aGrowth | ||
| 650 | _aYield | ||
| 700 |
_aBiswas, Parimal Kanti _eSupervisor |
||
| 700 |
_aAli, Md. Hazrat _eCo-Supervisor |
||
| 856 |
_uhttp://archive.saulibrary.edu.bd:8080/xmlui/handle/123456789/613 _yOnline Access |
||
| 942 |
_2ddc _cTHESIS |
||
| 999 |
_c10830 _d10829 |
||